KOHA-Header-6

Internet Marketing building advantage in a networked economy (Record no. 9378)

000 -LEADER
fixed length control field 00305nam a2200109Ia 4500
100 ## - MAIN ENTRY--AUTHOR NAME
Personal name Rafia A.Mohammad
245 #0 - TITLE STATEMENT
Title Internet Marketing building advantage in a networked economy
260 ## - PUBLICATION, DISTRIBUTION, ETC. (IMPRINT)
Place of publication New Jersey
Name of publisher Prentice Hall
Year of publication 2000
300 ## - PHYSICAL DESCRIPTION
Number of Pages 191
942 ## - ADDED ENTRY ELEMENTS (KOHA)
Koha item type Books
Holdings
Withdrawn status Lost status Collection code Permanent Location Current Location Shelving location Date acquired Full call number Accession Number Koha item type
    Marketing MAJU MAJU   2019-09-14 658.8 5049 Marketing

Powered by Koha